Central Library OPAC University of Rajshahi

History of Indian and Indonesian art / (Record no. 76501)

MARC details
000 -LEADER
fixed length control field 00910cam a2200277 a 4500
001 - CONTROL NUMBER
control field 76501
003 - CONTROL NUMBER IDENTIFIER
rucl marc code BD-RjUL
005 - DATE AND TIME OF LATEST TRANSACTION
control field 20211209082843.0
008 - FIXED-LENGTH DATA ELEMENTS--GENERAL INFORMATION
fixed length control field 191212s1972 ii a 001 0 eng d
035 ## - SYSTEM CONTROL NUMBER
System control number (BD-RjUL)76724
040 ## - CATALOGING SOURCE
Original cataloging agency VLU
Language of cataloging eng
Transcribing agency VLU
Modifying agency VLU
041 ## - LANGUAGE CODE
Language code of text/sound track or separate title eng
082 ## - DEWEY DECIMAL CLASSIFICATION NUMBER
Edition number 23
Classification number 709.54
Author mark and year COH 1972
100 1# - MAIN ENTRY--PERSONAL NAME
Personal name Coomaraswamy, Ananda Kentish,
Dates associated with a name 1877-1947.
9 (RLIN) 236385
245 10 - TITLE STATEMENT
Title History of Indian and Indonesian art /
Statement of responsibility, etc. by Ananda K. Coomaraswamy.
260 ## - PUBLICATION, DISTRIBUTION, ETC. (IMPRINT)
Place of publication, distribution, etc. New Delhi :
Name of publisher, distributor, etc. Published by Shri Devendra Jain for Munshiram Manoharlal,
Date of publication, distribution, etc. 1972.
300 ## - PHYSICAL DESCRIPTION
Pagination 295 p. :
Illustrations [64] leaves of plates.;
Size 24 cm
500 ## - GENERAL NOTE
General note Bibliography: p. 214-228.
650 #0 - SUBJECT ADDED ENTRY--TOPICAL TERM
Topical term or geographic name as entry element Art
Geographic subdivision India
General subdivision History.
9 (RLIN) 236386
Topical term or geographic name as entry element Architecture
Geographic subdivision India
General subdivision History.
9 (RLIN) 236387
Topical term or geographic name as entry element Art
Geographic subdivision Indochina.
9 (RLIN) 236388
Topical term or geographic name as entry element Architecture
Geographic subdivision Indochina.
9 (RLIN) 236389
942 ## - ADDED ENTRY ELEMENTS (KOHA)
Source of classification or shelving scheme Dewey Decimal Classification
Koha item type Books
Holdings
Lost status Source of classification or shelving scheme Damaged status Not for loan Collection code Permanent Location Current Location Shelving location Date acquired Source of acquisition Total Checkouts Full call number Date last seen Copy number Koha item type
  Dewey Decimal Classification   Not For Loan Non-fiction Central Library, University of Rajshahi Central Library, University of Rajshahi Reading Room 08/03/1984 Asia Foundation , U.S.A.   709.54 COH 1972 12/12/2019 C-1 Books
  Dewey Decimal Classification     Non-fiction Central Library, University of Rajshahi Central Library, University of Rajshahi   08/03/1984 Asia Foundation , U.S.A.   709.54 COH 1972 02/02/2020 C-2 Books